Řešení globálních problémů současné doby z pozice OSN

Zmena globálnych problémov z pozície OSN. Analýza bariér, ktoré brzdia efektívne globálne vládnutie riešiace tieto problémy. Kvalitatívna analýza dohôd a činov uskutečnených globálným spoločenstvom v odpovediach na súčasné globálne problémy.

Saved in:
Bibliographic Details
Main Author: Rüžičková, Barbora
Format: Book Chapter
Language:Czech
Subjects:
Tags: Add Tag
No Tags, Be the first to tag this record!

MARC

LEADER 00000naa a2200000 4500
001 0256987
005 20220719073224.7
041 0 |a cze 
044 |a SK 
245 1 0 |a Řešení globálních problémů současné doby z pozice OSN  |c Barbora Rüžičková 
520 |a Zmena globálnych problémov z pozície OSN. Analýza bariér, ktoré brzdia efektívne globálne vládnutie riešiace tieto problémy. Kvalitatívna analýza dohôd a činov uskutečnených globálným spoločenstvom v odpovediach na súčasné globálne problémy. 
610 2 0 |a Organizácia spojených národov 
610 2 0 |a politika svetová 
610 2 0 |a vzťahy medzinárodné 
610 2 0 |a globalizácia 
100 1 |a Rüžičková, Barbora